000 00687nam a2200193 a 4500
005 20140412111414.0
008 070703s19uu xx 00 eng d
020 _a0-06-024107-1
050 _aER
_bM3195 1985
100 _aManushkin, Fran
245 _aBuster Loves Buttons! /
_cFran Manushskin.
260 _aNew York :
_bHarper and Row,
_c1985.
300 _a61
440 _aAn I can read book
520 _aAfter buying all the buttons he can, Buster the button gluton, begins stealing them off people's clothes until Zippy and her dog decide to stop him.
650 _aChildren's stories, American
650 _aButtons- collectors and collecting-fiction
999 _c105761
_d105761